A Generic View of Cluster Analysis
Predložený článok sa zaoberá analytickou metódou nazývanou zhluková analýza. Cieľom predkladaného článku je vytvoriť kvalitný teoretický základ v oblasti klastrovej analýzy a jej postupu pri vzdelávaní. V článku identifikujeme zhlukovú analýzu a jej základný koncept. Poukazujeme na metódy merania vz...
Gespeichert in:
| 1. Verfasser: | |
|---|---|
| Weitere Verfasser: | |
| Format: | Buchkapitel |
| Sprache: | Englisch |
| Schlagworte: | |
| Tags: |
Keine Tags, Fügen Sie das erste Tag hinzu!
|
MARC
| LEADER | 00000naa a2200000 4500 | ||
|---|---|---|---|
| 001 | 0296050 | ||
| 005 | 20240502074508.5 | ||
| 041 | 0 | |a eng | |
| 044 | |a SK | ||
| 245 | 1 | 0 | |a A Generic View of Cluster Analysis |c Marián Čvirik, Diana Ölveczká |
| 520 | |a Predložený článok sa zaoberá analytickou metódou nazývanou zhluková analýza. Cieľom predkladaného článku je vytvoriť kvalitný teoretický základ v oblasti klastrovej analýzy a jej postupu pri vzdelávaní. V článku identifikujeme zhlukovú analýzu a jej základný koncept. Poukazujeme na metódy merania vzdialeností, ktoré sú typické pre kardinálne premenné. Tiež vysvetľujeme rozdiely v rámci metód zhlukovania. Výsledkom článku je vytvorenie uceleného textu, ktorý pomôže pri vzdelávaní a tvorí systematizovaný text ako vedomostnú bázu. | ||
| 610 | 2 | 0 | |a analýza zhluková |
| 610 | 2 | 0 | |a metódy |
| 100 | 1 | |a Čvirik, Marián, 1992- | |
| 700 | 1 | |a Ölveczká, Diana | |